Statistics for Largest Cities of Saudi Arabia

Click here to take the quiz!

General Stats

  • This quiz has been taken 863 times
  • The average score is 7 of 20

Answer Stats

Population Answer % Correct
5,328,228Riyadh
96%
1,675,368Mecca
96%
3,456,259Jeddah
90%
1,180,770Medina
85%
903,597Dammam
53%
987,914Ta'if
31%
366,551Abha
24%
569,797Tabuk
24%
578,500Khobar
23%
412,758Ha'il
22%
329,112Najran
19%
298,675Yanbu
18%
614,093Buraidah
16%
378,949Jubail
15%
1,063,112Al-Ahsa
12%
630,000Khamis Mushait
11%
376,325Al-Kharj
10%
389,993Hafar Al-Batin
9%
371,182Qatif
7%
272,424Al Qunfudhah
2%

Score Distribution

Percentile by Number Answered

Percent of People with Each Score

Your Score History

You have not taken this quiz